Country Flags With Three Equal Vertical Stripes - Statistics

General Stats
  • This quiz has been taken 1,878 times
    1,622 since last reset
  • The average score is 11 of 19
Answer Stats
Answer % Correct
France
90%
Romania
90%
Italy
84%
Belgium
80%
Chad
78%
Ireland
75%
Peru
75%
Andorra
63%
Mexico
59%
Moldova
59%
Cote d`Ivoire
54%
Nigeria
51%
Mali
50%
Guatemala
49%
Guinea
45%
Senegal
42%
Cameroon
39%
Barbados
33%
Mongolia
21%
No matching quizzes found
Score Distribution
Percent of People with Each Score
Percentile by Number Answered
Your Score History
You have not taken this quiz since the last reset